|
|
|
|
| LEADER |
00743nam a22001817a 4500 |
| 082 |
|
|
|a 150
|b ERU/V
|
| 100 |
|
|
|a എരുമേലി പരമേശ്വര൯പിള്ള
|9 324294
|
| 100 |
|
|
|a Erumeli Parameswaran Pillai
|9 324295
|
| 240 |
|
|
|a Vidyabhyasamanasasthram
|
| 245 |
|
|
|a വിദ്യാഭ്യാസമനശാസ്ത്രം
|
| 250 |
|
|
|a 1st
|
| 260 |
|
|
|a Kottayam;
|b Vidyarthi Mithram Press & Book Depot;
|
| 300 |
|
|
|a 296p.
|
| 650 |
|
|
|a മലയാളം; മനശാ:സ്ത്രം
|9 324296
|
| 650 |
|
|
|a Malayalam;Psychology
|9 324297
|
| 942 |
|
|
|c BK
|
| 999 |
|
|
|c 77696
|d 77696
|
| 952 |
|
|
|0 0
|1 0
|4 0
|6 150_000000000000000_ERU_V
|7 0
|9 91125
|a MAL
|b MAL
|d 2017-11-25
|e TE050069
|l 0
|o 150 ERU/V
|p MALTE050069
|r 2017-11-25
|w 2017-11-25
|y BK
|